Science Quiz

Random Science or Clickable Quiz

Famous Scientist Match-Up Quiz Stats

 Plays Quiz Updated Feb 15, 2015

Challenge
Share
Tweet
Score 0/24 Timer 08:00
5 Plays Today
% Correct
Albert
99.3%
Isaac
98.3%
Charles
98.1%
Stephen
96.5%
Marie
96.4%
Galileo
96.3%
Benjamin
93.7%
Louis
90.1%
Nikola
89.9%
Alfred
85.5%
Zhang
84.3%
Francis
83.7%
% Correct
Dmitri
80.2%
Niels
78.6%
Nicolaus
76.8%
Enrico
73.5%
Jonas
68.4%
Johannes
68.3%
Max
65.1%
Blaise
63.2%
Ernest
60.2%
Werner
59.7%
Tycho
56.1%
Carl
49.5%

You're not logged in!

Compare scores with friends on all Sporcle quizzes.
OR
Log In

You Might Also Like...

Show Comments

Extras

Top Quizzes Today


Score Distribution

Your Account Isn't Verified!

In order to create a playlist on Sporcle, you need to verify the email address you used during registration. Go to your Sporcle Settings to finish the process.

Report this User

Report this user for behavior that violates our Community Guidelines.

Details: